| 000 | 01473nam a2200349 a 4500 | ||
|---|---|---|---|
| 001 | ebr10017613 | ||
| 003 | CaPaEBR | ||
| 006 | m u | ||
| 007 | cr cn||||||||| | ||
| 008 | 980811s1999 enk sb 001 0 eng | ||
| 010 | _z 98030930 | ||
| 020 | _z0415181267 | ||
| 040 |
_aCaPaEBR _cCaPaEBR |
||
| 035 | _a(OCoLC)232161348 | ||
| 050 | 1 | 4 |
_aLC67.A78 _bE38 1999eb |
| 082 | 0 | 4 |
_a370.11/3/095 _221 |
| 245 | 0 | 0 |
_aEducation and training for development in East Asia _h[electronic resource] : _bthe political economy of skill formation in East Asian newly industrialised economies / _cDavid Ashton ... [et al.]. |
| 260 |
_aLondon ; _aNew York : _bRoutledge, _c1999. |
||
| 300 | _a185 p. | ||
| 490 | 1 | _aESRC Pacific Asia Programme | |
| 504 | _aIncludes bibliographical references (p. [167]-178) and indexes. | ||
| 533 |
_aElectronic reproduction. _bPalo Alto, Calif. : _cebrary, _d2013. _nAvailable via World Wide Web. _nAccess may be limited to ebrary affiliated libraries. |
||
| 650 | 0 |
_aEducation _xEconomic aspects _zAsia. |
|
| 650 | 0 |
_aVocational education _zAsia. |
|
| 650 | 0 |
_aOccupational training _zAsia. |
|
| 650 | 0 |
_aEconomic development _xEffect of education on. |
|
| 655 | 7 |
_aElectronic books. _2local |
|
| 700 | 1 | _aAshton, David. | |
| 710 | 2 | _aebrary, Inc. | |
| 830 | 0 | _aESRC Pacific Asia Programme (Series) | |
| 856 | 4 | 0 |
_uhttp://site.ebrary.com/lib/rucke/Doc?id=10017613 _zAn electronic book accessible through the World Wide Web; click to view |
| 999 |
_c12281 _d12281 |
||